<?xml version="1.0" encoding="UTF-8"?>
<record
    xmlns:xsi="http://www.w3.org/2001/XMLSchema-instance"
    xsi:schemaLocation="http://www.loc.gov/MARC21/slim http://www.loc.gov/standards/marcxml/schema/MARC21slim.xsd"
    xmlns="http://www.loc.gov/MARC21/slim">

  <leader>00836nab a2200265 uc4500</leader>
  <controlfield tag="001">905737</controlfield>
  <controlfield tag="005">20260302105933.0</controlfield>
  <controlfield tag="008">050124e20050205                    spa  </controlfield>
  <datafield tag="035" ind1=" " ind2=" ">
    <subfield code="a">905737</subfield>
  </datafield>
  <datafield tag="035" ind1=" " ind2=" ">
    <subfield code="a">(OCoLC)820303553</subfield>
  </datafield>
  <datafield tag="040" ind1=" " ind2=" ">
    <subfield code="c">comduadb</subfield>
  </datafield>
  <datafield tag="041" ind1=" " ind2=" ">
    <subfield code="a">spa</subfield>
  </datafield>
  <datafield tag="100" ind1="1" ind2="0">
    <subfield code="a">Krog, Antjie</subfield>
    <subfield code="4">aut</subfield>
    <subfield code="e">aut</subfield>
    <subfield code="9">404048</subfield>
  </datafield>
  <datafield tag="245" ind1="1" ind2="3">
    <subfield code="a">El perdon africano, demasiado sofosticado para occidente</subfield>
  </datafield>
  <datafield tag="650" ind1=" " ind2=" ">
    <subfield code="a">Sudafrica</subfield>
    <subfield code="9">72002</subfield>
  </datafield>
  <datafield tag="650" ind1=" " ind2=" ">
    <subfield code="a">Sudafrica - Historia</subfield>
    <subfield code="9">95375</subfield>
  </datafield>
  <datafield tag="650" ind1=" " ind2=" ">
    <subfield code="a">Sudafrica - Aspectos sociopoliticos</subfield>
    <subfield code="9">68180</subfield>
  </datafield>
  <datafield tag="650" ind1=" " ind2=" ">
    <subfield code="a">Apartheid</subfield>
    <subfield code="9">2136</subfield>
  </datafield>
  <datafield tag="650" ind1=" " ind2=" ">
    <subfield code="a">Perd&#xF3;n</subfield>
    <subfield code="9">14207</subfield>
  </datafield>
  <datafield tag="650" ind1=" " ind2="7">
    <subfield code="a">Reconciliaci&#xF3;n</subfield>
    <subfield code="2">lemb</subfield>
    <subfield code="9">29361</subfield>
  </datafield>
  <datafield tag="650" ind1=" " ind2=" ">
    <subfield code="a">Individuo y Estado</subfield>
    <subfield code="9">88258</subfield>
  </datafield>
  <datafield tag="650" ind1=" " ind2=" ">
    <subfield code="a">Racismo - &#xC1;frica</subfield>
    <subfield code="9">108315</subfield>
  </datafield>
  <datafield tag="773" ind1="0" ind2=" ">
    <subfield code="t">N&#xFA;mero (Bogot&#xE1;)</subfield>
    <subfield code="g">No. 43, Dic. 2004 - Ene.-Feb. 2005, p. 34-45</subfield>
    <subfield code="w">891880</subfield>
    <subfield code="x">0121-7828</subfield>
    <subfield code="0">327896</subfield>
  </datafield>
  <datafield tag="942" ind1=" " ind2=" ">
    <subfield code="c">ARIMP</subfield>
  </datafield>
  <datafield tag="999" ind1=" " ind2=" ">
    <subfield code="c">337990</subfield>
    <subfield code="d">337990</subfield>
  </datafield>
</record>
